| 000 | 01747nam a2200469 i 4500 | ||
|---|---|---|---|
| 001 | DIGLOM1060 | ||
| 003 | NyNyDIG | ||
| 006 | m o d | ||
| 008 | 210420s2016 cl o 000 f spa d | ||
| 007 | cr ||||||||||| | ||
| 035 | _a(OCoLC)1247940319 | ||
| 040 |
_aDGITA _beng _erda _epn _cDGITA |
||
| 020 |
_a9789560008718 _qeBook |
||
| 020 |
_a9560008714 _qeBook |
||
| 020 | _z9789560006394 | ||
| 020 | _z9560006398 | ||
| 041 | 1 |
_aspa _hfre |
|
| 050 | 1 | 4 | _aPQ2666.A215 ebook |
| 100 | 1 |
_aFabre, Dominique, _eauthor. |
|
| 240 | 1 | 0 |
_aPhotos volées. _lSpanish _s(Slachevsky) |
| 245 | 1 | 0 |
_aFotos robadas / _cDominique Fabre ; traducción de Nicolás Slachevsky. |
| 264 | 1 |
_aSantiago [Chile] : _bBeatriz Viterbo Editora : _bLOM Ediciones : _bEdiciones Trilce, _c[2016] |
|
| 300 | _a1 online resource. | ||
| 336 |
_atext _btxt _2rdacontent |
||
| 337 |
_acomputer _bc _2rdamedia |
||
| 338 |
_aonline resource _bcr _2rdacarrier |
||
| 347 |
_atext file _2rdaft |
||
| 347 | _bPDF | ||
| 490 | 1 | _aNarrativa | |
| 588 | 0 | _aOnline resource; title from PDF title page (Digitalia, viewed April 20, 2021) | |
| 655 | 7 |
_aFiction. _2lcgft |
|
| 655 | 0 | _aElectronic books. | |
| 700 | 1 |
_aSlachevsky, Nicolás, _etranslator. |
|
| 700 | 1 |
_iTranslation of: _aFabre, Dominique. _tPhotos volées. |
|
| 791 | 2 |
_aDigitalia (Firm), _edistributor. |
|
| 793 | 0 |
_gDigitalia eBook Collection: _aLOM Ediciones |
|
| 776 | 0 | 8 |
_iPrint version: _aFabre, Dominique. _sPhotos volées. Spanish (Slachevsky). _tFotos robadas. _bPrimera edición. _dSantiago : LOM Ediciones, 2015 _z9789560006394 |
| 830 | 0 | _aNarrativa (LOM Ediciones) | |
| 856 | 4 | 0 |
_3Digitalia Hispánica _uhttps://www.digitaliapublishing.com/a/50965/ |
| 910 | _aPremium collection: 2021 | ||
| 942 | _cRAA | ||
| 999 |
_c252134 _d252134 |
||